000 00387nam a2200157Ia 4500
008 210716s2006 xx 000 0 und d
020 _a8126506547
041 _aeng
082 _a005.276 GOLT
100 _aGolding, Tod.
245 _aProfessional .net 2.0 generics.
250 _a1
260 _aNew Delhi
_bWiley Dreamtech Pvt Ltd
_c2006
300 _axix,386,8
650 _aNone
999 _c187744
_d187744